| 000 | 00744nam a2200253Ia 4500 | ||
|---|---|---|---|
| 001 | dia_3440 | ||
| 003 | CHAP | ||
| 005 | 20230411101500.0 | ||
| 008 | 220117s1981 xx 000 0 und d | ||
| 010 | _a173904 | ||
| 020 | _a968-463-000-X | ||
| 040 | _cCHAP | ||
| 082 | _a660.6 M6 | ||
| 100 |
_aMonroy H. Oscar _977646 |
||
| 245 |
_aBiotecnologĂa para el aprovechamiento de los desperdicios organicos / _c Oscar Monroy H. y Gustavo Viniegra G. |
||
| 260 |
_aMéxico : _b Agt editor, _c1981 |
||
| 300 | _a260 p. | ||
| 503 | _aC/E | ||
| 650 |
_a1.Aprovechamiento _xdesperdicios organicos _9154688 |
||
| 901 | _a660.6 M6 | ||
| 902 | _aM | ||
| 905 | _a0000001981 MX M 0000000000SPA00 | ||
| 942 |
_cLIBRO _2ddc |
||
| 999 |
_c173904 _d173904 |
||